[Event "URU-ch sf"]
[Site "Montevideo"]
[Date "2024.02.13"]
[Round "7"]
[White "Esteve, Federico"]
[Black "Campora, Edgardo"]
[Result "1-0"]
[WhiteElo "1952"]
[BlackElo "1692"]
[PlyCount "75"]
[EventDate "2024.02.09"]
[EventType "swiss"]
[EventRounds "7"]
[EventCountry "URU"]
[SourceTitle "CB08_2024"]
[SourceDate "2024.02.21"]
[SourceVersion "1"]
[SourceVersionDate "2024.02.21"]
[SourceQuality "1"]

1. d4 Nf6 2. Nc3 g6 3. e4 d6 4. Nf3 Bg7 5. h3 a6 6. a4 b6 7. Bc4 e6 8. Bb3 Bb7 9. Qe2 0-0 10. Bg5 h6 11. Bh4 Qe8 12. 0-0 Nbd7 13. Bg3 e5 14. dxe5 dxe5 15. Bc4 Nh5 16. Bh2 Nf4 17. Qe3 Ne6 18. Rfd1 Nd4 19. Rac1 Kh7 20. Nd5 Nxf3+ 21. Qxf3 Rc8 22. b4 c6 23. Ne3 c5 24. b5 Nf6 25. Nd5 Nxd5 26. bxa6 Nc7 27. axb7 Rb8 28. Qb3 Rxb7 29. Rb1 Rb8 30. Rd6 Na8 31. Rbd1 Rb7 32. Bg3 Qe7 33. Bb5 Rfb8 34. Qc3 Nc7 35. Bc6 Ra7 36. Rd7 Qg5 37. Qf3 f6 38. Qb3 1-0

[Event "URU-ch sf"]
[Site "Montevideo"]
[Date "2024.02.11"]
[Round "4"]
[White "Campora, Edgardo"]
[Black "Fernandez Rodriguez, Antonio"]
[Result "1/2-1/2"]
[WhiteElo "1692"]
[BlackElo "1790"]
[PlyCount "72"]
[EventDate "2024.02.09"]
[EventType "swiss"]
[EventRounds "7"]
[EventCountry "URU"]
[SourceTitle "CB08_2024"]
[SourceDate "2024.02.21"]
[SourceVersion "1"]
[SourceVersionDate "2024.02.21"]
[SourceQuality "1"]

1. e4 e6 2. Nf3 d5 3. Nc3 Nf6 4. e5 Nfd7 5. d4 c5 6. dxc5 Nc6 7. Bf4 Nxc5 8. Be2 Be7 9. 0-0 0-0 10. Re1 a6 11. Bf1 f6 12. Bg3 Qb6 13. Rb1 fxe5 14. Nxe5 Bf6 15. b4 Bxe5 16. Bxe5 Nxe5 17. Rxe5 Nd7 18. Re2 Qc7 19. Qd4 Rf4 20. Qe3 Rf6 21. g3 Nb6 22. Bh3 Bd7 23. Rbe1 Rc8 24. Nd1 Nc4 25. Qd4 Qd6 26. f4 Na3 27. Qb2 Qb6+ 28. Kh1 Nc4 29. Qb3 Rh6 30. Bg2 Nd6 31. Ne3 Bb5 32. Ng4 Rg6 33. Ne5 Rh6 34. Ng4 Rg6 35. Ne5 Rh6 36. Ng4 Rg6 1/2-1/2

[Event "Florianopolis op 9th"]
[Site "Florianopolis"]
[Date "2023.01.29"]
[Round "10"]
[White "Weise, William Ferreira"]
[Black "Campora, Edgardo"]
[Result "0-1"]
[WhiteElo "1856"]
[BlackElo "1676"]
[PlyCount "62"]
[EventDate "2023.01.23"]
[EventType "swiss"]
[EventRounds "10"]
[EventCountry "BRA"]
[SourceTitle "CBM 212 Extra"]
[Source "ChessBase"]
[SourceDate "2023.03.31"]
[SourceVersion "1"]
[SourceVersionDate "2023.03.31"]
[SourceQuality "1"]

1. e4 e5 2. Nf3 Nc6 3. Bb5 Nf6 4. 0-0 Bc5 5. d3 d6 6. Nc3 0-0 7. Bg5 Be6 8. Ne2 Bg4 9. Bxc6 bxc6 10. c3 Bxf3 11. gxf3 h6 12. Bh4 g5 13. Bg3 Nh5 14. Kg2 f5 15. d4 exd4 16. cxd4 Bb6 17. exf5 Rxf5 18. Rh1 Qf6 19. Qb3+ Kg7 20. h4 Re8 21. Rae1 Ba5 22. Nc3 Rxe1 23. Rxe1 gxh4 24. Re6 Qf7 25. Ne4 hxg3 26. fxg3 Rb5 27. Qc4 Rxb2+ 28. Kg1 d5 29. Qxc6 Rb6 30. Qxd5 Rxe6 31. Qxa5 Qxf3 0-1

[Event "Florianopolis op 9th"]
[Site "Florianopolis"]
[Date "2023.01.23"]
[Round "1"]
[White "Campora, Edgardo"]
[Black "Mareco, Sandro"]
[Result "0-1"]
[WhiteElo "1676"]
[BlackElo "2625"]
[PlyCount "70"]
[EventDate "2023.01.23"]
[EventType "swiss"]
[EventRounds "10"]
[EventCountry "BRA"]
[SourceTitle "CBM 212 Extra"]
[Source "ChessBase"]
[SourceDate "2023.03.31"]
[SourceVersion "1"]
[SourceVersionDate "2023.03.31"]
[SourceQuality "1"]

1. e4 c5 2. Nf3 e6 3. c3 Nf6 4. e5 Nd5 5. d4 cxd4 6. cxd4 d6 7. Bc4 Be7 8. 0-0 0-0 9. Bd2 Nb6 10. Bb3 Nc6 11. a4 dxe5 12. dxe5 Nd7 13. Bc3 b6 14. Qe2 Nc5 15. Bc4 Na5 16. b4 Nxc4 17. bxc5 Ba6 18. cxb6 axb6 19. Rd1 Qc7 20. Qe1 Bb7 21. Nbd2 Na3 22. Bb2 Rxa4 23. Rdc1 Qd7 24. Rc3 Nb5 25. Rxa4 Nxc3 26. Rd4 Nd5 27. Nc4 b5 28. Na5 Ba8 29. Qe2 Rc8 30. h3 h6 31. Ne1 Qa7 32. Nb3 Qa2 33. Na1 Ba3 34. Nd3 Nc3 35. Qd2 Bxb2 0-1

[Event "Montevideo Trebejos op 05"]
[Site "Montevideo"]
[Date "2022.05.23"]
[Round "4"]
[White "Pelaez, Diego"]
[Black "Campora, Edgardo"]
[Result "0-1"]
[WhiteElo "1568"]
[BlackElo "1677"]
[PlyCount "40"]
[EventDate "2022.05.13"]
[EventType "swiss"]
[EventRounds "6"]
[EventCountry "URU"]
[SourceTitle "EXT 2024"]
[Source "ChessBase"]
[SourceDate "2023.10.10"]
[SourceVersion "1"]
[SourceVersionDate "2023.10.10"]
[SourceQuality "1"]

1. d4 d5 2. c4 dxc4 3. Nf3 Nf6 4. Nc3 e6 5. e3 a6 6. Bxc4 c5 7. 0-0 b5 8. Be2 Bb7 9. Ne5 cxd4 10. exd4 Nc6 11. Bf3 Qc7 12. Bf4 Bd6 13. Bxc6+ Bxc6 14. Re1 Nd5 15. Nxd5 Bxd5 16. Rc1 Qb7 17. Qg4 0-0 18. Re3 f6 19. Nd3 f5 20. Rg3 fxg4 0-1

[Event "URU-chT Clubs"]
[Site "Punta del Este"]
[Date "2021.10.30"]
[Round "2.3"]
[White "Campora, Edgardo"]
[Black "Araujo Abimorad, Leonardo"]
[Result "1-0"]
[WhiteElo "1668"]
[BlackElo "1682"]
[PlyCount "75"]
[EventDate "2021.10.29"]
[EventType "team-swiss"]
[EventRounds "5"]
[EventCountry "URU"]
[SourceTitle "CBM 205 Extra"]
[Source "ChessBase"]
[SourceDate "2022.01.31"]
[SourceVersion "1"]
[SourceVersionDate "2022.01.31"]
[SourceQuality "1"]
[WhiteTeam "Lavalleja"]
[BlackTeam "Rivera"]
[WhiteTeamCountry "URU"]
[BlackTeamCountry "URU"]

1. e4 e5 2. Nf3 Nc6 3. Bc4 Bc5 4. c3 d6 5. a4 a5 6. d3 Nf6 7. Bb3 0-0 8. Nbd2 Ne7 9. 0-0 c6 10. d4 exd4 11. cxd4 Bb4 12. e5 dxe5 13. dxe5 Nfd5 14. h3 Bf5 15. Nc4 b5 16. Ne3 Nxe3 17. Bxe3 Bd3 18. Ng5 Bxf1 19. Qh5 Qd3 20. Bxf7+ Rxf7 21. Qxf7+ Kh8 22. Rxf1 Ng6 23. Qb7 Rf8 24. Ne6 Rg8 25. Qxc6 bxa4 26. Nf4 Nxe5 27. Nxd3 Nxc6 28. Nxb4 axb4 29. Rc1 Ne5 30. Bd4 Nd3 31. Rc7 a3 32. bxa3 bxa3 33. Ra7 Nc1 34. Kf1 a2 35. Be3 Rc8 36. Ke1 Nd3+ 37. Ke2 Nb4 38. Bd4 1-0

[Event "URU-chT Regional"]
[Site "Punta del Este"]
[Date "2020.10.31"]
[Round "1.3"]
[White "Bossi, Hugo"]
[Black "Campora, Edgardo"]
[Result "0-1"]
[WhiteElo "1292"]
[BlackElo "1663"]
[PlyCount "93"]
[EventDate "2020.10.31"]
[EventType "team-swiss"]
[EventRounds "5"]
[EventCountry "URU"]
[SourceTitle "CBM 199 Extra"]
[Source "ChessBase"]
[SourceDate "2021.01.31"]
[SourceVersion "1"]
[SourceVersionDate "2021.01.31"]
[SourceQuality "1"]
[WhiteTeam "Rocha"]
[BlackTeam "Lavalleja"]
[WhiteTeamCountry "URU"]
[BlackTeamCountry "URU"]

1. Nf3 Nf6 2. d4 g6 3. e3 Bg7 4. Nbd2 0-0 5. Bd3 d5 6. 0-0 c5 7. c4 Nc6 8. cxd5 Nxd5 9. Qa4 Nb6 10. Qb5 cxd4 11. exd4 Nxd4 12. Nxd4 Bxd4 13. Nf3 a6 14. Qb3 Be6 15. Qd1 Bg7 16. Qe2 Rc8 17. Be3 Nd5 18. Rad1 Nxe3 19. fxe3 Qd6 20. b3 Rfd8 21. Kh1 Rd7 22. Ng5 Bf6 23. Nxe6 Qxe6 24. Bc4 Qc6 25. Rxd7 Qxd7 26. Qf3 Rf8 27. g3 Bg7 28. Rd1 Qc7 29. a4 e6 30. Qe4 Bf6 31. Kg2 Be7 32. Rd2 Bb4 33. Rc2 Qe7 34. Qf4 Rd8 35. Kf3 Bd6 36. Qe4 a5 37. Kg2 h5 38. Bb5 Bc5 39. Qf3 b6 40. Bc4 Qg5 41. Re2 Rd1 42. h4 Qe5 43. Rf2 Rd7 44. Re2 Rd1 45. Bb5 Qa1 46. Kh2 Rf1 47. Rf2 0-1

[Event "URU-chT Regional"]
[Site "Punta del Este"]
[Date "2020.10.31"]
[Round "2.4"]
[White "Vaz Lacuesta, Leonardo"]
[Black "Campora, Edgardo"]
[Result "1/2-1/2"]
[WhiteElo "2085"]
[BlackElo "1663"]
[PlyCount "129"]
[EventDate "2020.10.31"]
[EventType "team-swiss"]
[EventRounds "5"]
[EventCountry "URU"]
[SourceTitle "CBM 199 Extra"]
[Source "ChessBase"]
[SourceDate "2021.01.31"]
[SourceVersion "1"]
[SourceVersionDate "2021.01.31"]
[SourceQuality "1"]
[WhiteTeam "Montevideo Piratas"]
[BlackTeam "Lavalleja"]
[WhiteTeamCountry "URU"]
[BlackTeamCountry "URU"]

1. e4 e5 2. Nf3 Nc6 3. Bb5 a6 4. Ba4 b5 5. Bb3 Nf6 6. 0-0 Bc5 7. c3 Bb6 8. d4 Qe7 9. Bg5 h6 10. Bh4 d6 11. Bd5 Bd7 12. dxe5 dxe5 13. Bg3 Rd8 14. Nbd2 0-0 15. Re1 Bc5 16. Bxc6 Bxc6 17. Bxe5 Bxf2+ 18. Kxf2 Ng4+ 19. Kg1 Nxe5 20. Nd4 Bb7 21. Qe2 c5 22. Nf5 Qe6 23. Rf1 Rd7 24. Nb3 Qc6 25. Rae1 Nd3 26. Qg4 Qg6 27. Nxh6+ gxh6 28. Qxd7 Nxe1 29. Rxe1 Bxe4 30. Qd2 c4 31. Nc5 Bf5 32. Re3 Qb6 33. Qf2 Rc8 34. Re5 Bg6 35. Qe3 Kh7 36. h4 h5 37. Kh1 Qf6 38. Qg3 Rd8 39. Ne4 Qf1+ 40. Kh2 Rd1 41. Nf2 Qg1+ 42. Kh3 Rd2 43. Ne4 Rd3 44. Ng5+ Kg7 45. Nf3 Qh1+ 46. Qh2 Qf1 47. Qf4 Qh1+ 48. Kg3 Qd1 49. Re8 Rd7 50. Re5 Rd3 51. Kh2 Qf1 52. Re1 Qf2 53. Re8 Rd7 54. Re5 Rd3 55. Re8 Rd7 56. Qb8 Qc5 57. Rg8+ Kf6 58. Qf4+ Qf5 59. Qh6 Ke7 60. Qf8+ Kf6 61. Qg7+ Ke7 62. Qe5+ Qxe5+ 63. Nxe5 Rd6 64. Nf3 Kf6 65. Nd4 1/2-1/2

[Event "URU-ch sf"]
[Site "Montevideo"]
[Date "2020.02.23"]
[Round "5"]
[White "Campora, Edgardo"]
[Black "Lanaro, Emilio"]
[Result "1-0"]
[WhiteElo "1676"]
[BlackElo "1670"]
[PlyCount "99"]
[EventDate "2020.02.21"]
[EventType "swiss"]
[EventRounds "8"]
[EventCountry "URU"]
[SourceTitle "CBM 195 Extra"]
[Source "ChessBase"]
[SourceDate "2020.05.31"]
[SourceVersion "1"]
[SourceVersionDate "2020.05.31"]
[SourceQuality "1"]

1. e4 c5 2. Nf3 d6 3. c3 Nf6 4. h3 Nc6 5. Bd3 d5 6. exd5 Qxd5 7. Bc2 Bf5 8. Bxf5 Qxf5 9. 0-0 e6 10. Na3 Be7 11. d4 0-0 12. dxc5 Bxc5 13. Nc4 Rfd8 14. Qb3 Qd5 15. Bg5 b5 16. Ncd2 Qxb3 17. Nxb3 Be7 18. Nbd4 Nxd4 19. Nxd4 Rd5 20. Bh4 Bc5 21. Nxb5 Bxf2+ 22. Rxf2 Rxb5 23. Bxf6 gxf6 24. c4 Rbb8 25. b3 f5 26. Rd1 a5 27. c5 Rc8 28. Rc2 Rab8 29. c6 Kf8 30. Rd7 Ke8 31. Rb7 Kf8 32. a3 Kg7 33. Rxb8 Rxb8 34. c7 Rc8 35. b4 axb4 36. axb4 Kf6 37. b5 Ke7 38. b6 Kd7 39. Rd2+ Kc6 40. Rb2 Kb7 41. Kf2 Re8 42. Rd2 Ra8 43. Rb2 e5 44. Ke2 f6 45. Kd3 Re8 46. Kc4 e4 47. Kc5 e3 48. Ra2 Re5+ 49. Kd6 e2 50. Ra8 1-0

[Event "URU-ch sf"]
[Site "Montevideo"]
[Date "2020.02.22"]
[Round "2"]
[White "Campora, Edgardo"]
[Black "Muniz, Rafael"]
[Result "0-1"]
[WhiteElo "1676"]
[BlackElo "2232"]
[PlyCount "61"]
[EventDate "2020.02.21"]
[EventType "swiss"]
[EventRounds "8"]
[EventCountry "URU"]
[SourceTitle "CBM 195 Extra"]
[Source "ChessBase"]
[SourceDate "2020.05.31"]
[SourceVersion "1"]
[SourceVersionDate "2020.05.31"]
[SourceQuality "1"]

1. e4 c5 2. Nf3 d6 3. c3 Nf6 4. h3 g6 5. Bd3 Bg7 6. Bc2 0-0 7. d4 cxd4 8. cxd4 Nc6 9. a3 e5 10. 0-0 Re8 11. Nc3 exd4 12. Nxd4 Nxd4 13. Qxd4 Nxe4 14. Qd3 Nxc3 15. bxc3 Bf5 16. Qd2 Bxc2 17. Qxc2 Rc8 18. Bb2 Qb6 19. Rab1 Qc5 20. Qd3 Re6 21. Rfd1 Rce8 22. Rd2 Bh6 23. Rc2 Re1+ 24. Rxe1 Rxe1+ 25. Kh2 Qc6 26. f3 Bf4+ 27. g3 Re3 28. Qd1 Be5 29. f4 Bf6 30. Rd2 Qe4 31. c4 0-1

[Event "Montevideo Duchamp Cup 4th"]
[Site "Montevideo"]
[Date "2020.02.14"]
[Round "8"]
[White "Rebollo, Alvaro"]
[Black "Campora, Edgardo"]
[Result "0-1"]
[WhiteElo "1545"]
[BlackElo "1676"]
[PlyCount "74"]
[EventDate "2020.02.08"]
[EventType "swiss"]
[EventRounds "9"]
[EventCountry "URU"]
[SourceTitle "CBM 194 Extra"]
[Source "ChessBase"]
[SourceDate "2020.03.31"]
[SourceVersion "1"]
[SourceVersionDate "2020.03.31"]
[SourceQuality "1"]

1. c4 Nf6 2. Nc3 g6 3. g3 Bg7 4. Bg2 0-0 5. e4 d6 6. Nge2 e5 7. 0-0 Be6 8. d3 Qd7 9. Qb3 Nc6 10. Qxb7 Rfb8 11. Qa6 Nb4 12. Qa4 Nxd3 13. Qxd7 Nxd7 14. b3 Nxc1 15. Raxc1 a5 16. Na4 Nb6 17. Nxb6 Rxb6 18. Nc3 Bd7 19. Nd5 Rb7 20. Rb1 Rab8 21. Rfd1 Kh8 22. Rd3 Bf8 23. h3 a4 24. Kf1 f5 25. f3 c6 26. Ne3 f4 27. gxf4 exf4 28. Nc2 Be6 29. Na3 Bf7 30. Rc1 axb3 31. Rxb3 Rxb3 32. axb3 Rxb3 33. Nb1 Bxc4+ 34. Ke1 Bb5 35. Nd2 Re3+ 36. Kd1 Ba4+ 37. Rc2 Rc3 0-1

[Event "Las Canas op"]
[Site "Las Canas"]
[Date "2020.01.11"]
[Round "4"]
[White "Campora, Edgardo"]
[Black "Izquierdo, Sebastian"]
[Result "1/2-1/2"]
[WhiteElo "1682"]
[BlackElo "1962"]
[PlyCount "38"]
[EventDate "2020.01.10"]
[EventType "swiss"]
[EventRounds "5"]
[EventCountry "URU"]
[SourceTitle "CBM 194 Extra"]
[Source "ChessBase"]
[SourceDate "2020.03.31"]
[SourceVersion "1"]
[SourceVersionDate "2020.03.31"]
[SourceQuality "1"]

1. e4 d5 2. exd5 Nf6 3. c4 c6 4. dxc6 Nxc6 5. Nf3 e5 6. d3 Bf5 7. Nc3 Qd7 8. Bg5 Bb4 9. Bxf6 gxf6 10. Qb3 0-0-0 11. 0-0-0 Bxc3 12. bxc3 e4 13. dxe4 Qxd1+ 14. Qxd1 Rxd1+ 15. Kxd1 Rd8+ 16. Kc1 Bxe4 17. Nd2 Bg6 18. f4 Re8 19. Nf3 Bh5 1/2-1/2

[Event "Nueva Helvecia Colonia Cup"]
[Site "Nueva Helvecia"]
[Date "2019.09.29"]
[Round "5"]
[White "Salvat, Marcelo"]
[Black "Campora, Edgardo"]
[Result "1-0"]
[WhiteElo "1799"]
[BlackElo "1694"]
[PlyCount "37"]
[EventDate "2019.09.28"]
[EventType "swiss"]
[EventRounds "5"]
[EventCountry "URU"]
[SourceTitle "EXT 2020"]
[Source "ChessBase"]
[SourceDate "2019.10.17"]
[SourceVersion "1"]
[SourceVersionDate "2019.10.17"]
[SourceQuality "1"]

1. e4 g6 2. d4 Bg7 3. h4 c5 4. h5 cxd4 5. h6 Bf6 6. f4 e5 7. Nf3 d6 8. Ng5 Ne7 9. Nxf7 Kxf7 10. fxe5 dxe5 11. Bc4+ Be6 12. Bxe6+ Kxe6 13. Qg4+ Kd6 14. Na3 Qd7 15. Qe2 Nec6 16. 0-0 Qe7 17. b4 Bg5 18. Qg4 Bxc1 19. Nb5# 1-0

[Event "Montevideo Biblioteca Nacional op"]
[Site "Montevideo"]
[Date "2019.07.23"]
[Round "4"]
[White "Campora, Edgardo"]
[Black "Baratta, Daniel"]
[Result "1-0"]
[WhiteElo "1678"]
[BlackElo "1198"]
[PlyCount "39"]
[EventDate "2019.07.02"]
[EventType "swiss"]
[EventRounds "6"]
[EventCountry "URU"]
[SourceTitle "EXT 2020"]
[Source "ChessBase"]
[SourceDate "2019.10.17"]
[SourceVersion "1"]
[SourceVersionDate "2019.10.17"]
[SourceQuality "1"]

1. e4 e6 2. Nf3 d5 3. Nc3 Nf6 4. e5 Nfd7 5. d4 c5 6. dxc5 Bxc5 7. Bd3 Nc6 8. Bf4 Qb6 9. 0-0 Qxb2 10. Nb5 Qb4 11. Bd2 Qg4 12. Nc7+ Kf8 13. Nxa8 h5 14. c4 Nb4 15. h3 Nxd3 16. hxg4 hxg4 17. Ne1 g3 18. Nxd3 gxf2+ 19. Rxf2 Bd4 20. Qf3 1-0

[Event "Montevideo Trebejos op 06"]
[Site "Montevideo"]
[Date "2019.06.28"]
[Round "4"]
[White "Campora, Edgardo"]
[Black "Roman, Enrique"]
[Result "1-0"]
[WhiteElo "1678"]
[BlackElo "1247"]
[PlyCount "45"]
[EventDate "2019.06.19"]
[EventType "swiss"]
[EventRounds "7"]
[EventCountry "URU"]
[SourceTitle "EXT 2020"]
[Source "ChessBase"]
[SourceDate "2019.10.17"]
[SourceVersion "1"]
[SourceVersionDate "2019.10.17"]
[SourceQuality "1"]

1. e4 c5 2. Nf3 Nc6 3. d4 cxd4 4. Nxd4 Nxd4 5. Qxd4 f6 6. Bc4 e6 7. Nc3 Ne7 8. Nb5 Nc6 9. Nd6+ Bxd6 10. Qxd6 a6 11. a4 Ne5 12. Be2 h5 13. b3 Nc6 14. Qg3 Qe7 15. Ba3 Qf7 16. 0-0 g5 17. f4 Nd4 18. Bd3 Rg8 19. fxg5 Rxg5 20. Qd6 Nc6 21. Rxf6 Qxf6 22. Rf1 Qd4+ 23. Qxd4 1-0